| 000 | 01257nam a22002175i 4500 | ||
|---|---|---|---|
| 001 | 152664 | ||
| 003 | ES-MaACL | ||
| 005 | 20230906204833.0 | ||
| 008 | 021030s1894 sp |||| | spa d | ||
| 040 |
_aCCPB | B _bspa _cCCPB | B |
||
| 100 | 1 |
_aBravo Coronado, Juan. _931475 |
|
| 245 | 1 | 0 |
_aDiscurso leído en la sesión inaugural de la Academia Médico-Quirúrgica Española / _cpor el Dr. D. Juan Bravo Coronado. |
| 260 |
_aMadrid : _b[s.n.], _c1894 ( _fImp. y librería de Nicolás Moya) |
||
| 300 |
_a72 p. ; _c24 cm. |
||
| 505 | 8 | _aDiscurso leído en la Academia Médico-Quirúrgica Española en la sesión inaugural del curso académico de 1894-95 / por el Dr. D. Enrique Oliván y Sánz, p. 21-72, con port. propia | |
| 594 | _aTít. en antep.: "Resumen de los trabajos realizados por la Academia Médico-Quirúrgica Española durante el curso de 1893 a 1894" | ||
| 594 | _aTít. del discurso del Dr. Olivan y Sanz: "Influencia del más moderno de los sistemas médicos en los progresos de la patogenia y de la terapéutica" | ||
| 610 | 0 | 4 |
_aAcademia Médico-Quirúrgica Española. _91209 |
| 700 | 1 |
_aOliván y Sanz, Enrique. _9130636 |
|
| 852 |
_aES-MaACL _jT-844-F-4 _z-- Enc. hol., conservando la enc. original _z-- Enc. en un vol. facticio |
||
| 999 |
_c152664 _d152664 |
||